Normal view MARC view
  • Bolton, Bill

Entry Personal Name

Number of records used in: 1

001 - CONTROL NUMBER

  • control field: 76501

003 - CONTROL NUMBER IDENTIFIER

  • control field: NUST

005 - DATE AND TIME OF LATEST TRANSACTION

  • control field: 20210628205647.0

008 - FIXED-LENGTH DATA ELEMENTS

  • fixed length control field: 210628|| aca||aabn | a|a d

040 ## - CATALOGING SOURCE

  • Original cataloging agency: NUST
  • Transcribing agency: NUST

100 ## - HEADING--PERSONAL NAME

  • Personal name: Bolton, Bill

670 ## - SOURCE DATA FOUND

  • Source citation: Work cat.: (NUST): Philip, Mathew 34696, Technology of engineering materials, 2014
© 2023 Central Library, National University of Sciences and Technology. All Rights Reserved.